<?xml version="1.0" encoding="UTF-8"?>
<record
    xmlns:xsi="http://www.w3.org/2001/XMLSchema-instance"
    xsi:schemaLocation="http://www.loc.gov/MARC21/slim http://www.loc.gov/standards/marcxml/schema/MARC21slim.xsd"
    xmlns="http://www.loc.gov/MARC21/slim">

  <leader>00384nam a22001457a 4500</leader>
  <controlfield tag="005">20220424073639.0</controlfield>
  <controlfield tag="008">220424b           ||||| |||| 00| 0 eng d</controlfield>
  <datafield tag="040" ind1=" " ind2=" ">
    <subfield code="c"> </subfield>
  </datafield>
  <datafield tag="082" ind1=" " ind2=" ">
    <subfield code="a">540</subfield>
    <subfield code="b">SHA</subfield>
  </datafield>
  <datafield tag="100" ind1=" " ind2=" ">
    <subfield code="a">SHARMA, Y.R.</subfield>
    <subfield code="e">AUTHOR</subfield>
  </datafield>
  <datafield tag="245" ind1=" " ind2=" ">
    <subfield code="a">COLLEGE CHEMISTRY : THEORY AND PRACTICAL</subfield>
    <subfield code="h">ENG</subfield>
  </datafield>
  <datafield tag="260" ind1=" " ind2=" ">
    <subfield code="a">LUDHIANA</subfield>
    <subfield code="b">KALYANI PUBLISHERS</subfield>
    <subfield code="c">2021</subfield>
  </datafield>
  <datafield tag="300" ind1=" " ind2=" ">
    <subfield code="a">224 .P;</subfield>
    <subfield code="c">21CM</subfield>
  </datafield>
  <datafield tag="942" ind1=" " ind2=" ">
    <subfield code="2">ddc</subfield>
    <subfield code="c">BK</subfield>
  </datafield>
  <datafield tag="999" ind1=" " ind2=" ">
    <subfield code="c">25307</subfield>
    <subfield code="d">25307</subfield>
  </datafield>
  <datafield tag="952" ind1=" " ind2=" ">
    <subfield code="0">0</subfield>
    <subfield code="1">0</subfield>
    <subfield code="2">ddc</subfield>
    <subfield code="4">0</subfield>
    <subfield code="7">0</subfield>
    <subfield code="8">TBCHE</subfield>
    <subfield code="a">MAIN</subfield>
    <subfield code="b">MAIN</subfield>
    <subfield code="c">CH#</subfield>
    <subfield code="d">2022-04-18</subfield>
    <subfield code="e">PURBANCHAL</subfield>
    <subfield code="g">175.00</subfield>
    <subfield code="o">540 SHA</subfield>
    <subfield code="p">48517</subfield>
    <subfield code="r">2022-04-24 00:00:00</subfield>
    <subfield code="t">1</subfield>
    <subfield code="w">2022-04-24</subfield>
    <subfield code="y">BK</subfield>
    <subfield code="z">V</subfield>
  </datafield>
  <datafield tag="952" ind1=" " ind2=" ">
    <subfield code="0">0</subfield>
    <subfield code="1">0</subfield>
    <subfield code="2">ddc</subfield>
    <subfield code="4">0</subfield>
    <subfield code="7">0</subfield>
    <subfield code="8">TBCHE</subfield>
    <subfield code="a">MAIN</subfield>
    <subfield code="b">MAIN</subfield>
    <subfield code="c">CH#</subfield>
    <subfield code="d">2022-04-18</subfield>
    <subfield code="e">PURBANCHAL</subfield>
    <subfield code="g">175.00</subfield>
    <subfield code="l">1</subfield>
    <subfield code="o">540 SHA</subfield>
    <subfield code="p">48518</subfield>
    <subfield code="r">2023-03-20 00:00:00</subfield>
    <subfield code="s">2023-03-06</subfield>
    <subfield code="t">2</subfield>
    <subfield code="w">2022-04-24</subfield>
    <subfield code="y">BK</subfield>
    <subfield code="z">V</subfield>
  </datafield>
  <datafield tag="952" ind1=" " ind2=" ">
    <subfield code="0">0</subfield>
    <subfield code="1">0</subfield>
    <subfield code="2">ddc</subfield>
    <subfield code="4">0</subfield>
    <subfield code="7">0</subfield>
    <subfield code="8">TBCHE</subfield>
    <subfield code="a">MAIN</subfield>
    <subfield code="b">MAIN</subfield>
    <subfield code="c">CH#</subfield>
    <subfield code="d">2022-04-18</subfield>
    <subfield code="e">PURBANCHAL</subfield>
    <subfield code="g">175.00</subfield>
    <subfield code="l">1</subfield>
    <subfield code="o">540 SHA</subfield>
    <subfield code="p">48519</subfield>
    <subfield code="r">2023-05-26 00:00:00</subfield>
    <subfield code="s">2023-05-22</subfield>
    <subfield code="t">3</subfield>
    <subfield code="w">2022-04-24</subfield>
    <subfield code="y">BK</subfield>
    <subfield code="z">V</subfield>
  </datafield>
  <datafield tag="952" ind1=" " ind2=" ">
    <subfield code="0">0</subfield>
    <subfield code="1">0</subfield>
    <subfield code="2">ddc</subfield>
    <subfield code="4">0</subfield>
    <subfield code="7">0</subfield>
    <subfield code="8">TBCHE</subfield>
    <subfield code="a">MAIN</subfield>
    <subfield code="b">MAIN</subfield>
    <subfield code="c">CH#</subfield>
    <subfield code="d">2023-10-11</subfield>
    <subfield code="l">0</subfield>
    <subfield code="o">540 SHA</subfield>
    <subfield code="p">48514</subfield>
    <subfield code="r">2023-10-11 00:00:00</subfield>
    <subfield code="w">2023-10-11</subfield>
    <subfield code="y">BK</subfield>
    <subfield code="z">v</subfield>
  </datafield>
  <datafield tag="952" ind1=" " ind2=" ">
    <subfield code="0">0</subfield>
    <subfield code="1">0</subfield>
    <subfield code="2">ddc</subfield>
    <subfield code="4">0</subfield>
    <subfield code="7">0</subfield>
    <subfield code="8">TBCHE</subfield>
    <subfield code="a">MAIN</subfield>
    <subfield code="b">MAIN</subfield>
    <subfield code="c">CH#</subfield>
    <subfield code="d">2023-10-11</subfield>
    <subfield code="l">0</subfield>
    <subfield code="o">540 SHA</subfield>
    <subfield code="p">48515</subfield>
    <subfield code="r">2023-10-11 00:00:00</subfield>
    <subfield code="w">2023-10-11</subfield>
    <subfield code="y">BK</subfield>
    <subfield code="z">v</subfield>
  </datafield>
  <datafield tag="952" ind1=" " ind2=" ">
    <subfield code="0">0</subfield>
    <subfield code="1">0</subfield>
    <subfield code="2">ddc</subfield>
    <subfield code="4">0</subfield>
    <subfield code="7">0</subfield>
    <subfield code="8">TBCHE</subfield>
    <subfield code="a">MAIN</subfield>
    <subfield code="b">MAIN</subfield>
    <subfield code="c">CH#</subfield>
    <subfield code="d">2023-10-11</subfield>
    <subfield code="l">0</subfield>
    <subfield code="o">540 SHA</subfield>
    <subfield code="p">48516</subfield>
    <subfield code="r">2023-10-11 00:00:00</subfield>
    <subfield code="w">2023-10-11</subfield>
    <subfield code="y">BK</subfield>
    <subfield code="z">v</subfield>
  </datafield>
</record>
